00699nam a2200241 a 4500001001300000003000900013005001700022008004100039020002300080082001500103100001400118245003200132260003700164300000900201500003500210505003100245650001900276700001400295902000800309942000700317952011600324999001700440nice12345678IN_TiNIC20260116013252.0050524s1987 dela grp 000 0 eng  a8170993 c15000a954.8bKAT aKate, P V aMarathwada Under the Nizams aDelhibMittal Publication c1987 a212p aincludes index and biblioraphy2 aBibliographic Notes, Index aDeccan-History1 aKate, P V bSRS cBK 001040708StackRoom-aHMIbHMId2007-04-10g150.00l0o954.8 KATp018458r2007-04-10v150.00w2005-05-24yBK c10330d10330